Second Most Spoken Languages in Different Countries - Statistics

General Stats
  • This quiz has been taken 157 times
    143 since last reset
  • The average score is 10 of 15
Answer Stats
Country Most Spoken Language Second Most Spoken Language % Correct
United States English Spanish
96%
Ireland English Irish
85%
France French Arabic
84%
Finland Finnish Swedish
83%
Italy Italian English
79%
New Zealand English Māori
78%
Spain Spanish Catalan
72%
India Hindi Bengali
71%
Brazil Portuguese German
69%
Ethiopia Oromo Amharic
58%
Iraq Arabic Kurdish
57%
South Africa Zulu Xhosa
56%
Russia Russian Tatar
47%
United Kingdom English Scots
42%
Iran Persian Azerbaijani
29%
No matching quizzes found
Score Distribution
Percent of People with Each Score
Percentile by Number Answered
Your Score History
You have not taken this quiz since the last reset